[Event "C.to Provinciale VR"]
[Site "Zevio ITA"]
[Date "2014.01.26"]
[Round "6"]
[White "Della Sala, Bruno"]
[Black "Faccia, Sergio"]
[WhiteElo "1959"]
[BlackElo "2033"]
[Result "1/2-1/2"]
[PlyCount "125"]
[EventDate "2014.01.18"]

1. d4 Nf6 2. c4 e5 3. dxe5 Ng4 4. Bf4 Nc6 5. Nf3 Bb4+ 6. Nbd2 Qe7 7. e3 Ngxe5
8. Be2 a5 9. O-O O-O 10. a3 Bc5 11. Ne4 Ba7 12. Qc2 d6 13. Nc3 Nxf3+ 14. Bxf3
Ne5 15. Be4 f5 16. Bd5+ Kh8 17. b3 c6 18. Bxe5 dxe5 19. Bf3 e4 20. Be2 Be6 21.
Rfd1 Rae8 22. g3 f4 23. Qxe4 fxe3 24. f3 Qf6 25. Qd3 Bf5 26. Ne4 Bxe4 27. fxe4
Rd8 28. Rf1 Qxa1 29. Rxa1 Rxd3 30. Bxd3 e2+ 31. Kh1 Rf3 32. Bxe2 Rxb3 33. Rd1
Kg8 34. Rd3 Rb2 35. Bg4 Kf7 36. e5 Bc5 37. e6+ Kf6 38. Rd7 Be7 39. Rd4 g5 40.
Rd3 h5 41. Rf3+ Ke5 42. Rf7 Kd6 43. c5+ Kxc5 44. Rxe7 hxg4 45. Rg7 Kd6 46. e7
Kd7 47. Rxg5 Kxe7 48. Rxa5 Kf6 49. Rc5 Ra2 50. Rc3 Rf2 51. Rc4 Kg5 52. a4 Ra2
53. Rc5+ Kf6 54. Rc4 Kf5 55. Rf4+ Kg5 56. Rb4 c5 57. Rxb7 Rxa4 58. Rg7+ Kf5 59.
h4 Ra1+ 60. Kg2 Ra2+ 61. Kg1 Ke4 62. Rxg4+ Kf3 63. Rc4 1/2-1/2

[Event "C.to Provinciale VR"]
[Site "Zevio ITA"]
[Date "2014.01.26"]
[Round "6"]
[White "Di Tullio, Giuseppe"]
[Black "Zonta, Riccardo"]
[WhiteElo "1440"]
[BlackElo "1634"]
[Result "0-1"]
[PlyCount "64"]
[EventDate "2014.01.18"]

1. d4 d5 2. e3 Nf6 3. Nf3 Bf5 4. Bd3 Bxd3 5. cxd3 e6 6. Nc3 c6 7. e4 h6 8. O-O
Be7 9. e5 Nfd7 10. Bd2 Na6 11. a3 Nc7 12. b4 O-O 13. a4 a6 14. Ne2 f6 15. exf6
Bxf6 16. Qc2 e5 17. dxe5 Nxe5 18. Nxe5 Bxe5 19. d4 Bd6 20. Nc3 Qh4 21. g3 Qxd4
22. Ne2 Qg4 23. Bc3 Rae8 24. Nd4 Ne6 25. Nxe6 Rxe6 26. Rae1 Rfe8 27. Rxe6 Rxe6
28. Kg2 Re2 29. Qd3 Qe4+ 30. Qxe4 Rxe4 31. a5 Bxb4 32. Bxb4 Rxb4 0-1

[Event "C.to Provinciale VR"]
[Site "Zevio ITA"]
[Date "2014.01.26"]
[Round "6"]
[White "Guerra, Alessandro"]
[Black "Luciani, Valerio"]
[WhiteElo "2190"]
[BlackElo "2229"]
[Result "0-1"]
[PlyCount "118"]
[EventDate "2014.01.18"]

1. e4 e6 2. d4 d5 3. Nc3 Bb4 4. exd5 exd5 5. Bd3 Nc6 6. Nge2 Nge7 7. O-O Bg4 8.
h3 Bf5 9. a3 Bxc3 10. bxc3 O-O 11. Ng3 Bxd3 12. cxd3 Qd7 13. Rb1 b6 14. Rb2
Rae8 15. Re2 Nc8 16. Rfe1 Nd8 17. Nh5 Rxe2 18. Qxe2 f6 19. a4 Nd6 20. Qa2 c6
21. Ba3 Re8 22. Rxe8+ Nxe8 23. Nf4 Kf7 24. Qe2 g6 25. c4 Nc7 26. Qe3 Kg7 27.
Bc1 Nde6 28. Ne2 a6 29. Qg3 b5 30. axb5 axb5 31. cxb5 cxb5 32. h4 h5 33. Nf4
Nxf4 34. Qxf4 Qf7 35. Qd6 Ne8 36. Qf4 b4 37. Bd2 b3 38. Qb8 b2 39. Qxb2 Nd6 40.
Qb8 Nf5 41. Qf4 Qb7 42. Kh2 Qb6 43. Be3 Qd6 44. Qxd6 Nxd6 45. f3 Nf5 46. Bf2
Ne7 47. g4 Nc6 48. Kg3 Nb4 49. Be1 Nxd3 50. Ba5 Kf7 51. Bd8 Ke6 52. g5 f5 53.
Bc7 Kd7 54. Be5 Kc6 55. f4 Kb5 56. Kf3 Kc4 57. Ke3 Kc3 58. Bc7 Nb4 59. Ba5 Kc4
0-1

[Event "C.to Provinciale VR"]
[Site "Zevio ITA"]
[Date "2014.01.26"]
[Round "6"]
[White "Jimchi, Abdelaziz"]
[Black "Giuriato, Sergio"]
[WhiteElo "1783"]
[BlackElo "1936"]
[Result "1/2-1/2"]
[PlyCount "48"]
[EventDate "2014.01.18"]

1. d4 Nf6 2. c4 e6 3. a3 d5 4. Bg5 Be7 5. Nc3 Nbd7 6. e3 O-O 7. cxd5 exd5 8.
Bd3 c6 9. Nf3 Re8 10. O-O Nf8 11. h3 g6 12. Bf4 Nh5 13. Bh2 Ng7 14. b4 a6 15.
Na4 Nd7 16. Qc2 Ne6 17. Nc5 Bf6 18. Rab1 Bg7 19. Rfc1 Ng5 20. Nxg5 Qxg5 21. Bf4
Qe7 22. a4 b6 23. Nxd7 Bxd7 24. Qb3 Rec8 1/2-1/2

[Event "C.to Provinciale VR"]
[Site "Zevio ITA"]
[Date "2014.01.26"]
[Round "6"]
[White "Kurylovich, Alena"]
[Black "Negro, Roberto"]
[WhiteElo "1615"]
[BlackElo "2169"]
[Result "0-1"]
[PlyCount "72"]
[EventDate "2014.01.18"]

1. d4 g6 2. Nf3 Bg7 3. e4 d6 4. Be2 Nf6 5. Nbd2 O-O 6. O-O Nc6 7. c4 e5 8. d5
Ne7 9. h3 h6 10. Qc2 Nh5 11. Nh2 Nf4 12. Ndf3 Nxe2+ 13. Qxe2 f5 14. Re1 f4 15.
Bd2 g5 16. Rac1 b6 17. b4 Ba6 18. b5 Bc8 19. a4 Kh8 20. Kh1 Ng8 21. Rg1 Nf6 22.
Rc3 Qe8 23. Ra3 Qg6 24. Re1 Bd7 25. Bb4 Rg8 26. Nd2 g4 27. a5 Rac8 28. axb6
axb6 29. hxg4 Nxg4 30. f3 Nxh2 31. Kxh2 Qh5+ 32. Kg1 Bf6 33. Qf1 Bh4 34. Re2
Bg3 35. Qa1 Qh2+ 36. Kf1 Qh1# 0-1

[Event "C.to Provinciale VR"]
[Site "Zevio ITA"]
[Date "2014.01.26"]
[Round "6"]
[White "Marcori, Mirko"]
[Black "Adami, Antonio"]
[WhiteElo "1752"]
[BlackElo "1730"]
[Result "1/2-1/2"]
[PlyCount "134"]
[EventDate "2014.01.18"]

1. d4 Nf6 2. c4 g6 3. Nc3 Bg7 4. e4 d6 5. f3 O-O 6. Be3 b6 7. Qd2 a6 8. Bd3 c5
9. d5 Nbd7 10. Nge2 Ne5 11. Nc1 Nh5 12. Be2 Bd7 13. b3 b5 14. cxb5 axb5 15. Rb1
b4 16. Nd1 f5 17. O-O f4 18. Bf2 g5 19. Nd3 Qa5 20. Nc1 g4 21. Bh4 Ng6 22. fxg4
Nf6 23. Bxf6 Bxf6 24. Nf2 Bc3 25. Qc2 Ne5 26. h3 f3 27. gxf3 Nxf3+ 28. Bxf3
Rxf3 29. Kg2 Raf8 30. Ne2 Be5 31. Nd3 Rxf1 32. Rxf1 Rxf1 33. Kxf1 Bf6 34. Kg2
Bb5 35. Ndf4 Be5 36. Ne6 Qa3 37. Qd2 Qb2 38. Qxb2 Bxb2 39. N6f4 c4 40. Kf3 Be5
41. bxc4 Bxc4 42. Nc1 Kf7 43. Nfe2 Kg6 44. h4 Kf7 45. Ke3 Bb2 46. Nb3 Kf6 47.
Ned4 Bc3 48. Nc6 h6 49. g5+ hxg5 50. hxg5+ Kxg5 51. Nxe7 Kf6 52. Nf5 Bxd5 53.
Nxd6 Bg8 54. Nb5 Bb2 55. Kd3 Bh7 56. Kc2 Ba3 57. Nc5 Ke5 58. Nxa3 bxa3 59. Kd3
Bg8 60. Ke3 Bxa2 61. Nd3+ Ke6 62. Kd4 Bb1 63. Nc5+ Ke7 64. e5 a2 65. Nb3 Bf5
66. Na1 Be6 67. Nc2 Bb3 1/2-1/2

[Event "C.to Provinciale VR"]
[Site "Zevio ITA"]
[Date "2014.01.26"]
[Round "6"]
[White "Mattioli, Mario"]
[Black "Leone, Cataldo"]
[WhiteElo "1533"]
[BlackElo "1619"]
[Result "0-1"]
[PlyCount "154"]
[EventDate "2014.01.18"]

1. d4 d5 2. c4 c6 3. Nc3 Bf5 4. cxd5 cxd5 5. Qb3 Nc6 6. Nf3 e6 7. a3 Qb6 8.
Qxb6 axb6 9. e3 h6 10. Bb5 Nf6 11. O-O Bd6 12. Re1 O-O 13. Bxc6 bxc6 14. h3 c5
15. Nb5 Be7 16. Ne5 Rfc8 17. f3 c4 18. Bd2 Ne8 19. e4 dxe4 20. fxe4 Bh7 21. Nc3
Nd6 22. Bf4 Bf6 23. Rad1 g5 24. Bg3 Rd8 25. Nc6 Rdc8 26. Bxd6 Rxc6 27. e5 Bg7
28. Bb4 Bf8 29. Bxf8 Kxf8 30. Ne4 Bxe4 31. Rxe4 c3 32. bxc3 Rxc3 33. Rb1 Rb8
34. Re2 Rxa3 35. Reb2 Ra6 36. Kf2 Ke7 37. Ke3 Kd7 38. Ke4 Kc6 39. Rc1+ Kb7 40.
Rb5 Rc8 41. Rxc8 Kxc8 42. Kf3 Kc7 43. Rb2 Ra4 44. Ke3 Kc6 45. Ke4 b5 46. Rc2+
Kb6 47. Kd3 Ra3+ 48. Kd2 Rg3 49. Kc1 Rd3 50. Rf2 Rc3+ 51. Kb2 Rc7 52. Rf6 h5
53. d5 Kc5 54. dxe6 fxe6 55. Rxe6 Kd5 56. Re8 Rg7 57. Kb3 Rg6 58. Kb4 Re6 59.
Rb8 Kxe5 60. Rxb5+ Kf6 61. Kc3 Re2 62. Rb6+ Kf5 63. g4+ hxg4 64. hxg4+ Kxg4 65.
Kd3 Re7 66. Rb4+ Kh3 67. Rb8 g4 68. Rh8+ Kg2 69. Rh6 g3 70. Rh5 Kg1 71. Rh6 Re5
72. Kd4 Re1 73. Kd3 g2 74. Kd2 Rf1 75. Ke2 Rf5 76. Ke3 Kf1 77. Ke4 Rf8 0-1

[Event "C.to Provinciale VR"]
[Site "Zevio ITA"]
[Date "2014.01.26"]
[Round "6"]
[White "Menini, Luca"]
[Black "Fiscato, Claudio"]
[WhiteElo "1689"]
[BlackElo "1768"]
[Result "1/2-1/2"]
[PlyCount "49"]
[EventDate "2014.01.18"]

1. e4 c5 2. Nf3 e6 3. d4 cxd4 4. Nxd4 a6 5. Be2 Qc7 6. Be3 Nf6 7. f3 Be7 8. c4
b6 9. Nc3 O-O 10. Rc1 Bb7 11. a3 d6 12. b4 Nbd7 13. Qb3 Rac8 14. Nd1 Qd8 15.
Nf2 d5 16. exd5 exd5 17. O-O dxc4 18. Bxc4 b5 19. Be2 Nd5 20. Nf5 Nxe3 21. Rxc8
Bxc8 22. Qxe3 Re8 23. Ne4 Bf8 24. Qd4 Qb6 25. Re1 1/2-1/2

[Event "C.to Provinciale VR"]
[Site "Zevio ITA"]
[Date "2014.01.26"]
[Round "6"]
[White "Paoli, Walter"]
[Black "Negro, Raffaele"]
[WhiteElo "1999"]
[BlackElo "1802"]
[Result "1-0"]
[PlyCount "67"]
[EventDate "2014.01.18"]

1. e4 b6 2. d4 Bb7 3. Bd3 Nf6 4. Qe2 Nc6 5. c3 e5 6. d5 Ne7 7. Nh3 Ng6 8. O-O
Bc5 9. Nd2 O-O 10. Nb3 Bd6 11. f4 exf4 12. Nxf4 Nxf4 13. Bxf4 Bxf4 14. Rxf4 Re8
15. Qf3 Qe7 16. Nd4 d6 17. Rf1 Bc8 18. h3 Bd7 19. g4 Rf8 20. g5 Ne8 21. Qh5 g6
22. Qh4 Ng7 23. Be2 a5 24. Kh1 a4 25. a3 Ra5 26. Qh6 Nh5 27. Bxh5 gxh5 28. Qxh5
Qe5 29. Rh4 Qg7 30. Rf6 Re8 31. Rh6 Kf8 32. Rxh7 Qg6 33. Qxg6 fxg6 34. Rxd7 1-0

[Event "C.to Provinciale VR"]
[Site "Zevio ITA"]
[Date "2014.01.26"]
[Round "6"]
[White "Pisani, Valerio"]
[Black "Gallo, Pietro"]
[WhiteElo "1725"]
[BlackElo "1550"]
[Result "1/2-1/2"]
[PlyCount "90"]
[EventDate "2014.01.18"]

1. e4 c5 2. c4 Nc6 3. Nc3 e5 4. g3 b6 5. Bg2 Bb7 6. d3 Nf6 7. Nge2 Be7 8. O-O
O-O 9. f4 d6 10. f5 h6 11. Bf3 Nh7 12. Nd5 Bg5 13. h4 Bxc1 14. Rxc1 Nd4 15. Ne3
g5 16. h5 Nxe2+ 17. Qxe2 f6 18. Rc2 Qd7 19. g4 Rfc8 20. Qd2 a5 21. Qc3 Bc6 22.
Rb1 Rcb8 23. a3 Rb7 24. b4 axb4 25. axb4 Rba7 26. Rcb2 Ra3 27. Qd2 R3a7 28.
bxc5 bxc5 29. Rb8+ Rxb8 30. Rxb8+ Kg7 31. Rb6 Rc7 32. Qa5 Ra7 33. Ra6 Rxa6 34.
Qxa6 Qb7 35. Qxb7+ Bxb7 36. Kf2 Nf8 37. Ke2 Nd7 38. Kd2 Nb6 39. Kc3 Kf7 40. Bd1
Bc6 41. Bb3 Ke7 42. Kb2 Kd7 43. Nd1 Kc7 44. Nc3 Kb7 45. Ka3 Ka6 1/2-1/2

[Event "C.to Provinciale VR"]
[Site "Zevio ITA"]
[Date "2014.01.26"]
[Round "6"]
[White "Rizzati, Aldo"]
[Black "Sprea, Giuseppe"]
[WhiteElo "1908"]
[BlackElo "1915"]
[Result "0-1"]
[PlyCount "46"]
[EventDate "2014.01.18"]

1. e4 c5 2. Nf3 Nc6 3. d4 cxd4 4. Nxd4 e6 5. c4 Nf6 6. Nc3 Bb4 7. f3 O-O 8. Nb3
d5 9. Bd2 dxe4 10. Nxe4 Nxe4 11. fxe4 Qh4+ 12. g3 Qxe4+ 13. Qe2 Bxd2+ 14. Nxd2
Qxh1 15. Nf3 e5 16. O-O-O Bg4 17. Bg2 Qxh2 18. Qf2 Qh6+ 19. Kb1 Nd4 20. Rh1
Qg6+ 21. Kc1 Qf5 22. Rf1 Bxf3 23. Bxf3 Nxf3 0-1

[Event "C.to Provinciale VR"]
[Site "Zevio ITA"]
[Date "2014.01.26"]
[Round "6"]
[White "Tencheni, Maurizio"]
[Black "Cantore, Michele"]
[WhiteElo "1684"]
[BlackElo "1440"]
[Result "1/2-1/2"]
[PlyCount "34"]
[EventDate "2014.01.18"]

1. c4 d5 2. cxd5 Qxd5 3. Nc3 Qd8 4. d4 Nf6 5. g3 e6 6. Bg2 c6 7. e4 Be7 8. Nge2
O-O 9. O-O b6 10. Bf4 Bb7 11. Rb1 Na6 12. a3 Nc7 13. Qd2 Qc8 14. Rfc1 Rd8 15.
b4 Rd7 16. Qc2 Qd8 17. h3 Rc8 1/2-1/2

[Event "C.to Provinciale VR"]
[Site "Zevio ITA"]
[Date "2014.01.26"]
[Round "6"]
[White "Zanchetta, Nicola"]
[Black "Gneo, Marco"]
[WhiteElo "1897"]
[BlackElo "1775"]
[Result "1-0"]
[PlyCount "81"]
[EventDate "2014.01.18"]

1. e4 c5 2. Nf3 e6 3. d3 d5 4. Nbd2 Nc6 5. g3 Bd6 6. Bg2 Nge7 7. O-O O-O 8. Qe2
Ng6 9. h4 Re8 10. c3 b6 11. h5 Nge5 12. Nxe5 Nxe5 13. f4 Nc6 14. Re1 Bd7 15.
Qf2 dxe4 16. dxe4 f6 17. Nc4 Be7 18. e5 Qc7 19. a4 Rad8 20. b3 Bc8 21. Qc2 a6
22. Bb2 b5 23. axb5 axb5 24. Na3 fxe5 25. Nxb5 Qb6 26. c4 exf4 27. Be4 h6 28.
gxf4 Nd4 29. Qg2 Bf6 30. Qg6 Bb7 31. Qh7+ Kf8 32. Ra7 Rd7 33. Bxd4 Bxd4+ 34.
Kh2 Bxe4 35. Rxe4 Rxa7 36. f5 Rae7 37. Nxd4 Qd6+ 38. Kh3 cxd4 39. f6 gxf6 40.
Qxh6+ Rg7 41. Rg4 1-0

[Event "Torneo Internazionale"]
[Site "Zurigo SUI"]
[Date "2014.01.30"]
[Round "1"]
[White "Nakamura, Hikaru"]
[Black "Caruana, Fabiano"]
[WhiteElo "2789"]
[BlackElo "2782"]
[Result "1/2-1/2"]
[PlyCount "133"]
[EventDate "2014.01.30"]

1.d4 Nf6 2.c4 g6 3.Nf3 Bg7 4.Nc3 d5 5.Qa4+ Bd7 6.Qb3 dxc4 7.Qxc4 O-O 8.Bf4
c6 9.e4 b5 10.Qd3 c5 11.dxc5 Na6 12.e5 Nxc5 13.Qe3 Nh5 14.Bg5 Ne6 15.Rd1 
Qe8 16.Bh6 Bxh6 17.Qxh6 Bc6 18.Qe3 a6 19.Bd3 Nhf4 20.O-O Nxd3 21.Rxd3 Rd8 
22.Nd4 Nxd4 23.Rxd4 Rxd4 24.Qxd4 Qa8 25.f3 Rd8 26.Qc5 Qb7 27.Rd1 Rxd1+ 28.
Nxd1 Qd7 29.Ne3 Qd2 30.Qc3 Qxc3 31.bxc3 f6 32.exf6 exf6 33.Kf2 Kf7 34.Ke2 
Ke6 35.Kd3 h5 36.Kd4 h4 37.Kc5 Ba8 38.f4 g5 39.g3 hxg3 40.hxg3 gxf4 41.
gxf4 Be4 42.Kb6 Kd6 43.Kxa6 Kc5 44.a3 Bf3 45.Ka7 Kc6 46.Kb8 Kb6 47.Nf5 Bg4
48.Nd6 Be6 49.Ne4 f5 50.Nd2 Bd5 51.Kc8 Ka5 52.Kc7 Ka4 53.Kb6 Bg2 54.c4 
bxc4 55.Nxc4 Bd5 56.Kc5 Bg8 57.Kd4 Kb3 58.Nd6 Kxa3 59.Ke5 Kb4 60.Kf6 Kc5 
61.Nxf5 Bh7 62.Ne7 Bb1 63.Ke5 Bh7 64.Nd5 Kc6 65.Nf6 Bb1 66.f5 Bxf5 67.Kxf5
1/2-1/2

[Event "Torneo Internazionale"]
[Site "Zurigo SUI"]
[Date "2014.01.31"]
[Round "2"]
[White "Gelfand, Boris"]
[Black "Caruana, Fabiano"]
[WhiteElo "2777"]
[BlackElo "2782"]
[Result "1/2-1/2"]
[PlyCount "111"]
[EventDate "2014.01.30"]

1.d4 d6 2.Nf3 g6 3.c4 f5 4.Nc3 Nf6 5.g3 Bg7 6.Bg2 O-O 7.O-O c6 8.b4 e5 9.
dxe5 dxe5 10.e4 Be6 11.exf5 gxf5 12.Nxe5 Qxd1 13.Rxd1 Nfd7 14.Nxd7 Nxd7 
15.Bb2 Nb6 16.Rac1 Bxc4 17.Ba1 Rad8 18.Rxd8 Rxd8 19.Bh3 Bd3 20.Nd1 Nc4 21.
Bxg7 Kxg7 22.Bf1 Bxf1 23.Kxf1 Rd4 24.Ke2 Kf6 25.f3 Na3 26.Rc3 Nb5 27.Rb3 
Rc4 28.Kd3 Rc1 29.Nc3 Rf1 30.Ke3 Re1+ 31.Kd3 Rf1 32.Ke3 Re1+ 33.Kd3 a6 34.
a4 Nd6 35.Rb1 Rxb1 36.Nxb1 b5 37.axb5 axb5 38.Kd4 Nc4 39.Kc5 Ne5 40.Nd2 h5
41.f4 Nd3+ 42.Kxc6 Nxb4+ 43.Kxb5 Nd3 44.Nf3 Nf2 45.Kc6 Ng4 46.Kd6 h4 47.
gxh4 Ne3 48.Ne5 Ng2 49.Nd7+ Kg7 50.Ke5 Nxh4 51.h3 Kf7 52.Nb8 Kg6 53.Nc6 
Nf3+ 54.Ke6 Ng1 55.Ne5+ Kh5 56.Kxf5 1/2-1/2

[Event "Torneo Internazionale"]
[Site "Zurigo SUI"]
[Date "2014.02.01"]
[Round "3"]
[White "Caruana, Fabiano"]
[Black "Anand, Viswanathan"]
[WhiteElo "2782"]
[BlackElo "2773"]
[Result "1/2-1/2"]
[PlyCount "80"]
[EventDate "2014.01.30"]

1.Nf3 d5 2.c4 c6 3.d4 Nf6 4.e3 Bg4 5.Nc3 e6 6.h3 Bh5 7.g4 Bg6 8.cxd5 Nxd5 
9.Ne5 Bb4 10.Bd2 Nd7 11.Nxg6 hxg6 12.a3 Ba5 13.Bg2 g5 14.Qc2 Rc8 15.Rd1 
Bc7 16.Ne2 Nf8 17.Qb3 Rb8 18.e4 Nf4 19.Bxf4 Bxf4 20.h4 e5 21.d5 Ng6 22.
dxc6 Qa5+ 23.Nc3 O-O 24.cxb7 Qc7 25.Nd5 Qxb7 26.Qxb7 Rxb7 27.b4 gxh4 28.
Bf1 Bg5 29.Rh3 Rd8 30.Bc4 Rbb8 31.Rhd3 Rdc8 32.Bb3 Rb7 33.a4 a6 34.Rb1 Nf8
35.Nc3 Ng6 36.Nd5 Nf8 37.Nc3 Ng6 38.Nd5 Nf8 39.Nc3 Ng6 40.Nd5 Nf8 1/2-1/2

[Event "Torneo Internazionale"]
[Site "Zurigo SUI"]
[Date "2014.02.02"]
[Round "4"]
[White "Carlsen, Magnus"]
[Black "Caruana, Fabiano"]
[WhiteElo "2872"]
[BlackElo "2782"]
[Result "1-0"]
[PlyCount "93"]
[EventDate "2014.01.30"]

1.e4 e5 2.Nf3 Nc6 3.Bb5 Nf6 4.d3 Bc5 5.Bxc6 dxc6 6.h3 Nd7 7.Be3 Bd6 8.Nc3 
c5 9.O-O Nf8 10.Nd2 Ng6 11.Nc4 Be6 12.Ne2 Qd7 13.Nxd6+ cxd6 14.f4 exf4 15.
Nxf4 Nxf4 16.Rxf4 b6 17.Qh5 d5 18.d4 c4 19.b3 Qc6 20.Raf1 O-O-O 21.bxc4 
Qxc4 22.Rxf7 Bxf7 23.Rxf7 Rd7 24.Rxd7 Kxd7 25.exd5 g6 26.Qg4+ Kc7 27.Qe6 
Kb7 28.Qe7+ Qc7 29.Qe4 Qd7 30.d6+ Ka6 31.Bf4 Rc8 32.Kh2 Rc4 33.Bg3 Rc8 34.
Qd3+ Kb7 35.c4 Qc6 36.Qb3 Ka8 37.a4 Re8 38.a5 Kb7 39.c5 Kc8 40.axb6 axb6 
41.d5 Qxc5 42.Qa4 Re3 43.Qa8+ Kd7 44.Qb7+ Ke8 45.d7+ Kd8 46.Bh4+ Re7 47.
Qc8+ 1-0

[Event "C.to Provinciale BI-VC"]
[Site "Biella ITA"]
[Date "2014.03.14"]
[Round "1"]
[White "Bardone, Lorenzo"]
[Black "Gnata, Ilaria"]
[WhiteElo "1986"]
[BlackElo "1449"]
[Result "1-0"]
[PlyCount "77"]
[EventDate "2014.03.14"]

1. e4 e5 2. Nf3 Nc6 3. Bb5 a6 4. Bxc6 dxc6 5. O-O Bg4 6. h3 Bh5 7. g4 Bg6 8.
Nxe5 Bxe4 9. Re1 Nf6 10. d3 Bd6 11. Nf3 O-O 12. dxe4 Re8 13. e5 Bxe5 14. Qxd8
Raxd8 15. Nxe5 Re6 16. Nc3 Rde8 17. Bf4 R8e7 18. Kf1 Nd7 19. Nxd7 Rxd7 20. Rxe6
fxe6 21. Rd1 Re7 22. Ne4 e5 23. Ng5 Re8 24. Bxe5 h6 25. Rd7 hxg5 26. Rxg7+ Kf8
27. Rxg5 Re7 28. h4 Rh7 29. h5 Kf7 30. Rg6 Ke7 31. h6 Kf7 32. Rg7+ Rxg7 33.
hxg7 Kg8 34. f4 Kh7 35. g5 Kg8 36. f5 Kh7 37. g6+ Kg8 38. f6 c5 39. f7# 1-0

[Event "C.to Provinciale BI-VC"]
[Site "Biella ITA"]
[Date "2014.03.14"]
[Round "1"]
[White "Borghi, Dario"]
[Black "Pivari, Flavio"]
[WhiteElo "1739"]
[BlackElo "1402"]
[Result "1/2-1/2"]
[PlyCount "76"]
[EventDate "2014.03.14"]

1. c4 Nf6 2. Nf3 e6 3. g3 b6 4. Bg2 Bb7 5. Nc3 Bb4 6. Qc2 Nc6 7. O-O Rb8 8. a3
Bxc3 9. Qxc3 O-O 10. d3 h6 11. b4 d5 12. Rb1 d4 13. Qa1 e5 14. b5 Ne7 15. Nxe5
Bxg2 16. Kxg2 Nh7 17. a4 f6 18. Nf3 Re8 19. Nxd4 Qd7 20. Kg1 Nf5 21. Nxf5 Qxf5
22. Re1 Re6 23. Bf4 Ng5 24. Bxg5 fxg5 25. Qd4 Rbe8 26. e4 Qg4 27. Qd5 Kh8 28.
Red1 Rd6 29. Qf5 Qe2 30. Qf7 Red8 31. Qxc7 R6d7 32. Qe5 Rxd3 33. Rxd3 Qxd3 34.
Rc1 Rd4 35. Qe8+ Kh7 36. Qe6 Kh8 37. Qc8+ Kh7 38. Qf5+ Kh8 1/2-1/2

[Event "C.to Provinciale BI-VC"]
[Site "Biella ITA"]
[Date "2014.03.14"]
[Round "1"]
[White "Bozio, Stefano"]
[Black "Migliorini, Matteo"]
[WhiteElo "1542"]
[BlackElo "2099"]
[Result "0-1"]
[PlyCount "48"]
[EventDate "2014.03.14"]

1. e4 c5 2. Nc3 Nc6 3. g3 g6 4. Bg2 Bg7 5. f4 d6 6. d3 e6 7. Nf3 Nge7 8. O-O
Rb8 9. Rb1 O-O 10. Bd2 b5 11. Ne2 b4 12. c3 Ba6 13. Qc2 c4 14. Nc1 Qb6+ 15. Kh1
bxc3 16. Bxc3 Nb4 17. Bxb4 Qxb4 18. Rf2 Rfc8 19. Qd2 c3 20. Qd1 cxb2 21. Nb3
Bc3 22. Ng1 Qa3 23. Ne2 Bg7 24. Ned4 Bxd4 0-1

[Event "C.to Provinciale BI-VC"]
[Site "Biella ITA"]
[Date "2014.03.14"]
[Round "1"]
[White "Della Peruta, Lorenzo"]
[Black "Zannoni, Gianni"]
[WhiteElo "1423"]
[BlackElo "1755"]
[Result "1/2-1/2"]
[PlyCount "89"]
[EventDate "2014.03.14"]

1. e4 d6 2. d4 Nf6 3. Nc3 c6 4. Nf3 Bg4 5. Be2 Nbd7 6. Be3 e5 7. O-O Qc7 8. Qd2
Be7 9. Rad1 O-O 10. Rfe1 b5 11. a3 a5 12. b4 axb4 13. axb4 Nb6 14. Ra1 Bxf3 15.
Bxf3 Nc4 16. Qc1 Rxa1 17. Qxa1 Nxe3 18. fxe3 Qb6 19. Rd1 exd4 20. exd4 Nd7 21.
Kh1 Bf6 22. Ne2 Re8 23. c3 Qb7 24. Ng3 Ra8 25. Qb2 g6 26. Ra1 Nb6 27. Be2 Rxa1+
28. Qxa1 Qa8 29. Qxa8+ Nxa8 30. Bg4 Nb6 31. Kg1 Na4 32. Ne2 Nxc3 33. Nxc3 Bxd4+
34. Kf1 Bxc3 35. Bd7 c5 36. bxc5 dxc5 37. Bxb5 Kg7 38. Ke2 Kf6 39. Ke3 Ke5 40.
g3 Bd4+ 41. Kd3 h5 42. Be8 Ke6 43. Bc6 g5 44. Bd5+ Ke7 45. h3 1/2-1/2

[Event "C.to Provinciale BI-VC"]
[Site "Biella ITA"]
[Date "2014.03.14"]
[Round "1"]
[White "Isoardi, Luigi"]
[Black "Loggia, Davide"]
[WhiteElo "1758"]
[BlackElo "1436"]
[Result "1-0"]
[PlyCount "93"]
[EventDate "2014.03.14"]

1. d4 e6 2. Nf3 d5 3. Bf4 Nf6 4. h3 c5 5. dxc5 Bxc5 6. Nbd2 Qb6 7. e3 Qxb2 8.
Be5 Qb6 9. c4 Qd8 10. cxd5 exd5 11. Bb5+ Nc6 12. Qc2 Qe7 13. Rc1 O-O 14. Bxf6
gxf6 15. Qxc5 Qxc5 16. Rxc5 Nb4 17. a3 b6 18. Rc3 Na6 19. O-O Bb7 20. Bc6 Rac8
21. Rfc1 Bxc6 22. Rxc6 Rxc6 23. Rxc6 Kg7 24. Nd4 Re8 25. Nb5 Nb8 26. Rd6 a6 27.
Nc7 Re7 28. Nxd5 Re6 29. Rxb6 Rxb6 30. Nxb6 Kf8 31. Ne4 Ke7 32. Nd5+ Ke6 33.
Nexf6 Nc6 34. e4 h6 35. Ng4 h5 36. Nge3 Nd4 37. Nc7+ Ke5 38. f3 a5 39. Nc4+ Kf4
40. Nxa5 Ne2+ 41. Kf2 Nd4 42. Nc4 f5 43. exf5 Nc6 44. a4 h4 45. a5 Ne7 46. a6
Nc6 47. Nb5 1-0

[Event "C.to Provinciale BI-VC"]
[Site "Biella ITA"]
[Date "2014.03.14"]
[Round "1"]
[White "Negro, Andrea"]
[Black "Tibaldeschi, Attilio"]
[WhiteElo "1362"]
[BlackElo "1715"]
[Result "1/2-1/2"]
[PlyCount "126"]
[EventDate "2014.03.14"]

1. d4 d5 2. c4 Nf6 3. Nf3 e6 4. Bg5 Be7 5. Nc3 O-O 6. e3 c6 7. Bd3 dxc4 8. Bxc4
b5 9. Bd3 Nbd7 10. O-O Bb7 11. Rc1 a6 12. Qc2 h6 13. Bh4 Rc8 14. Qd2 c5 15. Rc2
c4 16. Be2 b4 17. Nb1 b3 18. axb3 cxb3 19. Rxc8 Qxc8 20. Rc1 Qa8 21. Rc7 Bd6
22. Rc1 a5 23. Bc4 a4 24. Be2 Nd5 25. Bg3 Bb4 26. Qd3 Rc8 27. Rxc8+ Qxc8 28.
Qc4 N7b6 29. Qxc8+ Bxc8 30. Kf1 Bd7 31. Ne5 Be8 32. Bd3 Nc8 33. e4 Nc7 34. Nxf7
Nb5 35. Ne5 Nxd4 36. f3 Nc2 37. Ke2 Na7 38. Kd1 Nb5 39. Bxc2 bxc2+ 40. Kxc2
Nd4+ 41. Kd3 Nb3 42. Kc4 Be7 43. Nd3 Kf7 44. Nb4 Nc1 45. Nc3 g5 46. f4 Kf6 47.
Na6 a3 48. bxa3 Bxa3 49. fxg5+ hxg5 50. Nb4 Bxb4 51. Kxb4 Nd3+ 52. Kc4 Nf4 53.
Bxf4 gxf4 54. Kd3 Bh5 55. g3 fxg3 56. hxg3 Ke5 57. Ke3 Bg6 58. Kf3 Bh5+ 59. g4
Bg6 60. g5 Bh7 61. Ke3 Bg6 62. Kf3 Bh7 63. Ke3 Bg6 1/2-1/2

[Event "C.to Provinciale BI-VC"]
[Site "Biella ITA"]
[Date "2014.03.14"]
[Round "1"]
[White "Palma, Maria"]
[Black "Monzeglio, Graziella"]
[WhiteElo "1709"]
[BlackElo "1286"]
[Result "1-0"]
[PlyCount "33"]
[EventDate "2014.03.14"]

1. d4 d5 2. c4 c5 3. dxc5 dxc4 4. Qa4+ Nd7 5. e4 f6 6. Bxc4 e5 7. Be3 Qc7 8. b4
Ne7 9. Ne2 Nc6 10. Nbc3 Be7 11. Nd5 Qd8 12. Bb5 Ndb8 13. Nb6 a6 14. Bxc6+ bxc6
15. Nxa8 Bb7 16. Rd1 Nd7 17. Nb6 1-0

[Event "C.to Provinciale BI-VC"]
[Site "Biella ITA"]
[Date "2014.03.14"]
[Round "1"]
[White "Pedoni, Lorenzo"]
[Black "Ubezio, Marco"]
[WhiteElo "1699"]
[BlackElo "2122"]
[Result "1/2-1/2"]
[PlyCount "41"]
[EventDate "2014.03.14"]

1. d4 Nf6 2. c4 e6 3. Nc3 Bb4 4. e3 b6 5. Nge2 Ba6 6. a3 Be7 7. Ng3 d5 8. Bd3
dxc4 9. Be2 c5 10. Bf3 Nd5 11. Nxd5 exd5 12. dxc5 Bb7 13. cxb6 axb6 14. O-O O-O
15. Bd2 Na6 16. Bc3 Bf6 17. Qc2 Nc5 18. Bb4 g6 19. Rad1 Re8 20. Bxc5 bxc5 21.
Ne4 1/2-1/2

[Event "C.to Provinciale BI-VC"]
[Site "Biella ITA"]
[Date "2014.03.14"]
[Round "1"]
[White "Siclari, Giovanni"]
[Black "Lavino, Stefano"]
[WhiteElo "2106"]
[BlackElo "1630"]
[Result "1-0"]
[PlyCount "49"]
[EventDate "2014.03.14"]

1. Nf3 Nf6 2. c4 e6 3. Nc3 b6 4. g3 Bb7 5. Bg2 Bb4 6. O-O O-O 7. d3 Bxc3 8.
bxc3 d5 9. cxd5 exd5 10. a4 Nbd7 11. Nd4 Re8 12. a5 a6 13. c4 Nc5 14. cxd5 Bxd5
15. e4 Bb7 16. Bb2 Rb8 17. Ra3 Ne6 18. Nf5 Bc8 19. Qf3 Bb7 20. h4 bxa5 21. Nh6+
Kf8 22. Bxf6 gxf6 23. Qh5 Qe7 24. Nf5 Ng7 25. Qh6 1-0

[Event "C.to Provinciale BI-VC"]
[Site "Biella ITA"]
[Date "2014.03.15"]
[Round "2"]
[White "Gnata, Ilaria"]
[Black "Monzeglio, Graziella"]
[WhiteElo "1449"]
[BlackElo "1286"]
[Result "1-0"]
[PlyCount "43"]
[EventDate "2014.03.14"]

1. e4 d5 2. exd5 Qxd5 3. Nc3 Qe5+ 4. Qe2 Qxe2+ 5. Bxe2 Nf6 6. d3 Bf5 7. Bf3 c6
8. Nge2 e6 9. Nd4 Bg4 10. Bg5 Bxf3 11. Nxf3 Be7 12. Ne4 Nbd7 13. O-O-O O-O 14.
g3 h6 15. h4 hxg5 16. hxg5 Nxe4 17. dxe4 Nc5 18. Rh4 f6 19. g6 f5 20. Rh2 Nxe4
21. Rdh1 Bg5+ 22. Nxg5 1-0